| 000 | 01509cam a22004334i 4500 | ||
|---|---|---|---|
| 003 | PE-LiUPU | ||
| 005 | 20250731173259.0 | ||
| 008 | 150625s r 000 0 d | ||
| 035 | _a(Sirsi) a35977 | ||
| 040 |
_aPE-LiUPU _bspa _cPE-LiUPU _erda |
||
| 082 | 0 | 4 |
_a286.732 _bI35 _221 |
| 110 | 2 |
_aIASD. División Sudamericana _bMinisterio Joven. |
|
| 245 | 1 | 0 |
_aManual de Conquistadores : _bceremonias. _n2 / _cIASD División Sudamericana Ministerio Joven. |
| 264 | 1 |
_aBracilia : _bIASD. Divición Sudamericana, _c[2000?]. |
|
| 300 |
_a19 páginas ; _c21 cm. |
||
| 336 |
_atext _2rdacontent |
||
| 337 |
_aunmediated _2rdamedia |
||
| 338 |
_avolume _2rdacarrier |
||
| 505 | 0 | _aCeremonias. | |
| 526 | _aSEG42 | ||
| 526 | _aSEG41 | ||
| 526 | _aSEG40 | ||
| 526 | _aSEG39 | ||
| 526 | _aP94 | ||
| 526 | _aP87 | ||
| 526 | _aP86 | ||
| 526 | _aP85 | ||
| 526 | _aP77 | ||
| 526 | _aP76 | ||
| 526 | _aP35 | ||
| 610 | 2 |
_aClub de Conquistadores _xCeremonias _vManuales. |
|
| 650 | 0 | 4 |
_aClub de Conquistadores _xCeremonias _vManuales. |
| 910 |
_baj _cdm _d20050513 |
||
| 942 |
_2ddc _cBOOK |
||
| 949 |
_a286.732 I35 2 _wDEWEY _c1 _i53918 _lCCODEBUL1 _mBUL _p1.00 _r0 _sY _tBOOK _u2015-06-25 _xBIBLIOTECA _zUNKNOWN _0COMPRA _o.STAFF. Colección General |
||
| 596 | _a1 | ||
| 999 |
_a286.732 I35 2 _wDEWEY _c43998 _i53918 _f2021-11-11 _g3 _lCCODEBUL1 _mBUL _p1.00 _r0 _sY _tBOOK _u2015-6-25 _xTEOLOGIA _zUNKNOWN _0COMPRA _o.STAFF. Colección General _d43998 |
||
| 980 |
_81 _gALBERTO SANCHEZ Responsable de Automatización |
||